000 00674nam a22001817a 4500
005 20251108164229.0
008 250721s1980 xx 000 0 ara d
082 1 4 _a916.2/عبد
100 1 _aالغنيم، عبد الله يوسف
245 1 0 _aجغرافية مصر من كتاب الممالك و المسالك لأبي عبيد البكري /
264 1 _aالكويت :
_bمكتبة دار العروبة،
_c1980.
300 _a164 ص
500 _aقدم هذا النص في المؤتمر الجغرافي الإسلامي الإول في الرياض عام 1979
650 1 7 _aالجغرافيا
650 1 7 _aمصر
942 _2ddc
_cBK
999 _c6951
_d6951